[Event "COL-ch Superate fin-B"]
[Site "Bogota"]
[Date "2016.11.17"]
[Round "1.8"]
[White "Martinez, Jhonier"]
[Black "Giraldo Aristizabal, Marlon"]
[Result "0-1"]
[WhiteElo "1533"]
[BlackElo "1751"]
[PlyCount "70"]
[EventDate "2016.11.17"]
[EventType "swiss (rapid)"]
[EventRounds "5"]
[EventCountry "COL"]
[SourceTitle "EXT 2024"]
[Source "ChessBase"]
[SourceDate "2023.10.10"]
[SourceVersion "1"]
[SourceVersionDate "2023.10.10"]
[SourceQuality "1"]

1. d4 Nf6 2. Nc3 g6 3. Nf3 Bg7 4. h3 0-0 5. e3 d6 6. Bd3 c5 7. 0-0 Nc6 8. Bb5 cxd4 9. exd4 a6 10. Bxc6 bxc6 11. Bg5 Rb8 12. Na4 Qa5 13. c3 h6 14. Bxf6 Bxf6 15. b4 Qd5 16. Qd2 Bg7 17. Rfe1 Be6 18. Nb2 Rfe8 19. Nd3 g5 20. Kh2 g4 21. Nf4 Qf5 22. Nh4 Qg5 23. g3 Bd7 24. Nhg2 gxh3 25. Ne3 e5 26. Nxh3 Qh5 27. g4 Qh4 28. Rg1 exd4 29. Nf5 Bxf5 30. gxf5 Kh8 31. c4 Re5 32. Qd3 Rbe8 33. Rg2 Re3 34. fxe3 Rxe3 35. Qf1 Rxh3+ 0-1

[Event "COL-ch Superate fin-B"]
[Site "Bogota"]
[Date "2016.11.17"]
[Round "2.8"]
[White "Nieto Restrepo, Jaime Andres"]
[Black "Martinez, Jhonier"]
[Result "1-0"]
[WhiteElo "1570"]
[BlackElo "1533"]
[PlyCount "85"]
[EventDate "2016.11.17"]
[EventType "swiss (rapid)"]
[EventRounds "5"]
[EventCountry "COL"]
[SourceTitle "EXT 2024"]
[Source "ChessBase"]
[SourceDate "2023.10.10"]
[SourceVersion "1"]
[SourceVersionDate "2023.10.10"]
[SourceQuality "1"]

1. d4 d5 2. c4 e6 3. Nc3 Nf6 4. Bg5 Be7 5. e3 c6 6. Nf3 h6 7. Bh4 Nbd7 8. cxd5 cxd5 9. Bd3 Nb6 10. 0-0 0-0 11. Rc1 a6 12. Bb1 Qc7 13. Qd3 g6 14. Bxf6 Bxf6 15. Nxd5 Qd6 16. Nxf6+ Kg7 17. Ne4 Qe7 18. Ng3 Kh8 19. Ne5 Rg8 20. Qe4 Rg7 21. Qf4 Nd5 22. Qg4 Nf6 23. Qh4 Nd5 24. Qxe7 Nxe7 25. Ne4 b5 26. b4 Bb7 27. a3 Nd5 28. Nd6 Rb8 29. Nexf7+ Kh7 30. Ne5 Ne7 31. Rc7 Nf5 32. Rxb7 Rbxb7 33. Nxb7 Rxb7 34. Rc1 Ne7 35. Be4 Rb8 36. Rc7 Rc8 37. Rxe7+ Kg8 38. g3 Kf8 39. Rd7 g5 40. Rh7 Kg8 41. Ng4 Rd8 42. Nxh6+ Kf8 43. Bc6 1-0

[Event "COL-ch Superate fin-B"]
[Site "Bogota"]
[Date "2016.11.16"]
[Round "4.8"]
[White "Calderon Zuta, Nicolas"]
[Black "Martinez, Jhonier"]
[Result "1-0"]
[WhiteElo "1822"]
[BlackElo "1533"]
[PlyCount "67"]
[EventDate "2016.11.15"]
[EventType "swiss"]
[EventRounds "5"]
[EventCountry "COL"]
[SourceTitle "EXT 2024"]
[Source "ChessBase"]
[SourceDate "2023.10.10"]
[SourceVersion "1"]
[SourceVersionDate "2023.10.10"]
[SourceQuality "1"]

1. e4 e5 2. Nf3 Nc6 3. d4 d6 4. dxe5 dxe5 5. Qxd8+ Nxd8 6. Nxe5 Bd6 7. Nf3 Ne7 8. Be3 Nec6 9. Nbd2 Nb4 10. Bd3 Bg4 11. a3 Nxd3+ 12. cxd3 h6 13. 0-0 0-0 14. h3 Be6 15. Rac1 Nc6 16. d4 Ne7 17. e5 Bxe5 18. Nxe5 Nd5 19. Ne4 b6 20. Nc3 Rac8 21. Nc6 a5 22. Nxd5 Bxd5 23. Ne7+ Kh8 24. Nxd5 c6 25. Ne7 Rc7 26. Nxc6 Rb7 27. Rfd1 Re8 28. d5 Rd7 29. d6 Re6 30. Bf4 Re8 31. Ne5 Ra7 32. d7 Rxd7 33. Rxd7 Kh7 34. Rcc7 1-0